[Event "Stay Safe Play From Home 360"]
[Site "Emanuel Lasker Arena"]
[Date "2020.08.05"]
[Round "1"]
[White "Chesstiger9"]
[Black "Buzaglo"]
[Result "1-0"]
[WhiteElo "1990"]
[BlackElo "1741"]
[Annotator "TA"]
[PlyCount "81"]
[EventDate "2020.08.05"]
[EventType "swiss (blitz)"]

{[%evp 13,80,-1,3,0,43,45,45,43,93,72,66,60,101,90,102,75,84,87,235,222,258,106,118,111,219,202,254,147,623,561,588,581,1122,1105,1456,1417,1512,1363,1250,1243,1230,1207,1275,1223,29989,29990,29990,29991,29991,29988,29991,29991,29991,29992,29993,29994,29994,29995,29995,29996,29996,29997,29997,29997,29997,29998,29998,29999,29999]} 1. d4 d5 2. Nf3 Nf6 3. e3 e6 4. Bd3 c5 5. c3 Nc6 6. Nbd2 b6 7. O-O Bb7 8. Qe2 {D05: Colle System with ...e6.} c4 9. Bc2 {[#]} Be7 $146 ({Predecessor:} 9... Bd6 10. e4 Be7 11. e5 Nd7 12. g3 g5 13. h3 Qc7 14. Nh2 O-O-O 15. b4 h5 {0-1 (26) Budrewicz,H (1454)-Tkaczyk,W (1525) Warsaw 2017}) 10. e4 {White is slightly better.} Nxe4 11. Nxe4 dxe4 12. Qxe4 Na5 13. Qg4 Bf6 14. Re1 h5 15. Qg3 Bxf3 (15... Kf8 $16 {was called for.}) 16. Qxf3 $18 Rc8 17. Ba4+ (17. d5 $18 {is more deadly.}) 17... Kf8 $16 18. Bf4 $36 {[%mdl 2048] White is in control.} g5 (18... g6 $16) 19. Be5 $18 Bxe5 20. dxe5 ({Only move:} 20. Rxe5 $18 Rh6 21. Rae1) 20... Rc5 $2 {[%mdl 8192]} (20... g4 $16 21. Qf4 Rg8) 21. Rad1 Rd5 22. Rxd5 {[%mdl 64] Overworked Piece} Qxd5 {[#]} 23. Qf6 $1 {[%mdl 576] Double Attack} Rh7 24. Rd1 Qxd1+ 25. Bxd1 Nc6 26. Qxg5 Ne7 27. Bxh5 Rg7 28. Qd2 {[%cal Rd2d8]} Nc6 29. Qd6+ {[%mdl 64] [#] Double Attack. White mates.} Kg8 30. Qxc6 Kh7 31. Bf3 Kg6 32. Qxc4 Rg8 33. Qf4 Rd8 34. Qf6+ {[%mdl 64] Double Attack} Kh7 35. Qxd8 Kg7 36. Qf6+ Kg8 37. Bh5 a5 38. Bxf7+ Kf8 39. Bxe6+ Ke8 40. Qf7+ Kd8 41. Qd7# {Accuracy: White = 58%, Black = 24%.} 1-0

[Event "Stay Safe Play From Home 360"]
[Site "Emanuel Lasker Arena"]
[Date "2020.08.05"]
[Round "1"]
[White "Joroger"]
[Black "No name"]
[Result "1/2-1/2"]
[WhiteElo "1875"]
[BlackElo "2075"]
[Annotator "TA"]
[PlyCount "76"]
[EventDate "2020.08.05"]
[EventType "swiss (blitz)"]

{[%evp 14,76,57,50,47,34,33,32,33,19,44,34,54,44,50,44,78,83,80,63,109,97,137,127,121,135,263,132,111,118,137,135,133,143,138,137,175,123,115,119,181,136,138,0,0,0,0,0,0,0,0,0,345,333,324,0,0,0,0,0,0,0,0,0,0]} 1. d4 f5 2. g3 Nf6 3. Bg2 e6 4. Nf3 Be7 5. c4 O-O 6. O-O d6 7. Nc3 Qe8 8. Qc2 a5 {8...Qg6 is the modern continuation. A98: Classical Dutch: Fluid Systems: 7 Nc3 Qe8 8 Qc2.} 9. e4 fxe4 10. Nxe4 Nc6 {White is slightly better.} 11. a3 {[#]} Qg6 $146 ({Predecessor:} 11... Nxe4 12. Qxe4 Bf6 13. Be3 e5 14. Rad1 exd4 15. Nxd4 Bxd4 16. Bxd4 Qxe4 17. Bxe4 Be6 18. Bd5 Bxd5 19. cxd5 Nxd4 20. Rxd4 Rae8 21. Rd2 Re7 {½-½ (21) Mishuchkov,N (2406)-Gundersen,H (2242) Kaunas 2012}) 12. Nxf6+ Qxf6 13. Bg5 Qf7 14. Bxe7 Qxe7 15. Rae1 Qf6 16. d5 exd5 17. cxd5 Bg4 18. dxc6 Bxf3 19. cxb7 Bxg2 (19... Rab8 $16 {might work better.}) 20. Kxg2 ({White should play} 20. bxa8=Q $18 Bxa8 21. Re3) 20... Qf3+ $16 21. Kg1 Qxb7 22. Re7 Rac8 23. Qc4+ Kh8 {[#]} 24. Qc3 $1 {[%csl Ge7][%cal Rc3g7][%mdl 512]} Rf6 25. Rc1 (25. Rfe1 $18 {Threatening mate with Re8+.} Rcf8 26. Rxc7) 25... Qb6 26. Rc2 $40 {[%cal Rc3c7][%mdl 128] White goes for the king.} ({Don't play} 26. Rxc7 $6 Qxf2+ 27. Kh1 Rxc7 $11) 26... Rcf8 (26... h5 $16) 27. Qxc7 Qd4 {[%cal Rf6f2]} 28. Rxg7 (28. Qc3 $16 Qxc3 29. bxc3 (29. Rxc3 Rxf2 30. Rcc7 Rxb2 $16)) 28... Qd1+ $11 29. Kg2 Qd5+ 30. Kg1 Qd1+ 31. Kg2 Qf3+ 32. Kg1 Qe4 $2 {[%mdl 8192]} (32... Qd1+ $11 33. Kg2) 33. Re7 $18 Qd3 {[#]} 34. Ree2 $2 (34. Rd2 $3 $18 {[%mdl 512]} Qb1+ (34... Qxd2 35. Rxh7+) 35. Kg2) 34... Qd1+ $11 {The position is equal.} 35. Kg2 Qd5+ 36. Kg1 Qd1+ 37. Kg2 Qd5+ 38. Kg1 {Hoping for Rcd2.} Qd1+ {Accuracy: White = 70%, Black = 63%.} 1/2-1/2

[Event "Stay Safe Play From Home 360"]
[Site "Emanuel Lasker Arena"]
[Date "2020.08.05"]
[Round "1"]
[White "Haris kollari 13"]
[Black "Klasman"]
[Result "0-1"]
[WhiteElo "1867"]
[BlackElo "1537"]
[Annotator "NA RC"]
[PlyCount "90"]
[EventDate "2020.08.05"]
[EventType "swiss (blitz)"]

1. e4 {[%emt 0:00:02]} f5 {[%emt 0:00:01]} 2. exf5 {[%emt 0:00:03]} Nf6 {[%emt 0:00:01]} 3. d4 {[%emt 0:00:07]} d5 {[%emt 0:00:01]} 4. Bd3 {[%emt 0:00:01]} c5 {[%emt 0:00:05]} 5. dxc5 {[%emt 0:00:02]} Nc6 {[%emt 0:00:06]} 6. Ne2 {[%emt 0:00:08]} Qa5+ {[%emt 0:00:09]} 7. Bd2 {[%emt 0:00:05]} Qxc5 {[%emt 0:00:01]} 8. O-O {[%emt 0:00:02]} e6 {[%emt 0:00:03]} 9. fxe6 {[%emt 0:00:02]} Bd6 {[%emt 0:00:02]} 10. Ng3 {[%emt 0:00:12]} O-O {[%emt 0:00:02]} 11. Re1 {[%emt 0:00:07]} Ne5 {[%emt 0:00:03]} 12. Bc3 {[%emt 0:00:07]} d4 {[%emt 0:00:07]} 13. Bxd4 {[%emt 0:00:05]} Qc7 {[%emt 0:00:09]} 14. Nc3 {[%emt 0:00:10]} Bxe6 {[%emt 0:00:08]} 15. Nce4 {[%emt 0:00:11]} Bg4 {[%emt 0:00:56]} 16. f3 {[%emt 0:00:04]} Nxf3+ {[%emt 0:00:15]} 17. gxf3 {[%emt 0:00:04]} Nxe4 {[%emt 0:00:03]} 18. Bxe4 {[%emt 0:00:12]} Bxg3 {[%emt 0:00:05]} 19. hxg3 {[%emt 0:00:01]} Qxg3+ {[%emt 0:00:02]} 20. Kf1 {[%emt 0:00:04]} Bxf3 {[%emt 0:00:09]} 21. Bxf3 {[%emt 0:00:04]} Rxf3+ {[%emt 0:00:03]} 22. Ke2 {[%emt 0:00:01]} Re8+ {[%emt 0:00:13]} 23. Kd2 {[%emt 0:00:04]} Qf4+ {[%emt 0:00:07]} 24. Be3 {[%emt 0:00:01]} Rd8+ {[%emt 0:00:20]} 25. Kc1 {[%emt 0:00:14]} Rxd1+ {[%emt 0:00:03]} 26. Rxd1 {[%emt 0:00:01]} Qxe3+ {[%emt 0:00:05]} 27. Kb1 {[%emt 0:00:01]} Qe2 {[%emt 0:00:05]} 28. Rc1 {[%emt 0:00:01]} Rf1 {[%emt 0:00:07]} 29. b3 {[%emt 0:00:01]} Rxc1+ {[%emt 0:00:04]} 30. Kxc1 {[%emt 0:00:01]} g5 {[%emt 0:00:11]} 31. Kb2 {[%emt 0:00:01]} Qe5+ {[%emt 0:00:02]} 32. c3 {[%emt 0:00:03]} b5 {[%emt 0:00:02]} 33. a3 {[%emt 0:00:03]} g4 {[%emt 0:00:02]} 34. Rg1 {[%emt 0:00:04]} h5 {[%emt 0:00:02]} 35. Kc2 {[%emt 0:00:02]} Qe2+ {[%emt 0:00:02]} 36. Kb1 {[%emt 0:00:02]} Qd3+ {[%emt 0:00:06]} 37. Kb2 {[%emt 0:00:04]} Qd2+ {[%emt 0:00:01]} 38. Kb1 {[%emt 0:00:02]} Qxc3 {[%emt 0:00:02]} 39. Rh1 {[%emt 0:00:03]} Qxb3+ {[%emt 0:00:03]} 40. Kc1 {[%emt 0:00:01]} Qc4+ {[%emt 0:00:03]} 41. Kb2 {[%emt 0:00:03]} Qe2+ {[%emt 0:00:04]} 42. Kb1 {[%emt 0:00:03]} g3 {[%emt 0:00:02]} 43. Rh4 {[%emt 0:00:02]} g2 {[%emt 0:00:01]} 44. Rg4+ {[%emt 0:00:02]} hxg4 {[%emt 0:00:02]} 45. a4 {[%emt 0:00:00]} g1=Q# {[%emt 0:00:01] (Lag: Av=0.54s, max=1.0s) (Lag: Av=0.54s, max=1.0s) (Lag: Av=0.54s, max=1.0s) (Lag: Av=0.54s, max=1.0s) (Lag: Av=0.54s, max=1.0s)} 0-1

[Event "Stay Safe Play From Home 360"]
[Site "Emanuel Lasker Arena"]
[Date "2020.08.05"]
[Round "1"]
[White "Padmaesh M K"]
[Black "SelamiSahin"]
[Result "1-0"]
[WhiteElo "1706"]
[BlackElo "2122"]
[Annotator "RC"]
[PlyCount "135"]
[EventDate "2020.08.05"]
[EventType "swiss (blitz)"]

{- Yarar, Atakan} 1. d4 {[%emt 0:00:02]} Nf6 {[%emt 0:00:01]} 2. c4 {[%emt 0:00:02]} c5 {[%emt 0:00:01]} 3. d5 {[%emt 0:00:05]} b5 {[%emt 0:00:01]} 4. cxb5 {[%emt 0:00:05]} a6 {[%emt 0:00:01]} 5. b6 {[%emt 0:00:01]} d6 {[%emt 0:00:01]} 6. Nc3 {[%emt 0:00:04]} Nbd7 {[%emt 0:00:03]} 7. e4 {[%emt 0:00:05]} g6 {[%emt 0:00:01]} 8. Nf3 {[%emt 0:01:01]} Bg7 {[%emt 0:00:04]} 9. Be2 {[%emt 0:00:04]} O-O {[%emt 0:00:06]} 10. O-O {[%emt 0:00:04]} Nxb6 {[%emt 0:00:05]} 11. Bf4 {[%emt 0:00:06]} Ng4 {[%emt 0:00:12]} 12. Qd2 {[%emt 0:00:07]} Nd7 {[%emt 0:00:21]} 13. b3 {[%emt 0:00:08]} Nge5 {[%emt 0:00:06]} 14. Nxe5 {[%emt 0:00:05]} Nxe5 {[%emt 0:00:00]} 15. Bh6 {[%emt 0:00:05]} Re8 {[%emt 0:00:07]} 16. Bxg7 {[%emt 0:00:04]} Kxg7 {[%emt 0:00:00]} 17. f4 {[%emt 0:00:04]} Nd7 {[%emt 0:00:03]} 18. Rae1 {[%emt 0:00:04]} Bb7 {[%emt 0:00:06]} 19. Bd3 {[%emt 0:00:10]} Qb6 {[%emt 0:00:06]} 20. Bc4 {[%emt 0:00:04]} Qc7 {[%emt 0:00:13]} 21. Rf3 {[%emt 0:00:07]} Rad8 {[%emt 0:00:06]} 22. Rh3 {[%emt 0:00:03]} h5 {[%emt 0:00:04]} 23. e5 {[%emt 0:00:07]} dxe5 {[%emt 0:00:02]} 24. f5 {[%emt 0:00:06]} Nf6 {[%emt 0:00:24]} 25. Qg5 {[%emt 0:00:06]} Rg8 {[%emt 0:00:33]} 26. fxg6 {[%emt 0:00:04]} fxg6 {[%emt 0:00:00]} 27. Rxe5 {[%emt 0:00:08]} Kh8 {[%emt 0:00:07]} 28. Qh6+ {[%emt 0:00:04]} Nh7 {[%emt 0:00:04]} 29. Rhe3 {[%emt 0:00:02]} Rg7 {[%emt 0:00:07]} 30. Qxg7+ {[%emt 0:00:04]} Kxg7 {[%emt 0:00:04]} 31. Rxe7+ {[%emt 0:00:07]} Qxe7 {[%emt 0:00:35]} 32. Rxe7+ {[%emt 0:00:00]} Kh6 {[%emt 0:00:04]} 33. Rxb7 {[%emt 0:00:01]} Nf6 {[%emt 0:00:11]} 34. Rb6 {[%emt 0:00:05]} Kg7 {[%emt 0:00:03]} 35. d6 {[%emt 0:00:03]} a5 {[%emt 0:00:08]} 36. Nd5 {[%emt 0:00:04]} Nxd5 {[%emt 0:00:05]} 37. Bxd5 {[%emt 0:00:00]} g5 {[%emt 0:00:03]} 38. Rb7+ {[%emt 0:00:03]} Kf6 {[%emt 0:00:03]} 39. d7 {[%emt 0:00:03]} Ke7 {[%emt 0:00:03]} 40. Bf3 {[%emt 0:00:03]} g4 {[%emt 0:00:11]} 41. Be2 {[%emt 0:00:02]} Rxd7 {[%emt 0:00:04]} 42. Rxd7+ {[%emt 0:00:00]} Kxd7 {[%emt 0:00:00]} 43. Bc4 {[%emt 0:00:02]} Kd6 {[%emt 0:00:02]} 44. g3 {[%emt 0:00:01]} Ke5 {[%emt 0:00:01]} 45. Kf2 {[%emt 0:00:01]} Kf6 {[%emt 0:00:01]} 46. Ke3 {[%emt 0:00:01]} Kg5 {[%emt 0:00:00]} 47. Bf7 {[%emt 0:00:01]} h4 {[%emt 0:00:00]} 48. Ke4 {[%emt 0:00:02]} hxg3 {[%emt 0:00:01]} 49. hxg3 {[%emt 0:00:00]} Kh6 {[%emt 0:00:03]} 50. Be6 {[%emt 0:00:01]} Kg5 {[%emt 0:00:00]} 51. Ke5 {[%emt 0:00:01]} Kg6 {[%emt 0:00:02]} 52. Kf4 {[%emt 0:00:01]} Kh5 {[%emt 0:00:00]} 53. Bxg4+ {[%emt 0:00:01]} Kg6 {[%emt 0:00:00]} 54. Bf5+ {[%emt 0:00:01]} Kf6 {[%emt 0:00:00]} 55. g4 {[%emt 0:00:00]} Ke7 {[%emt 0:00:01]} 56. g5 {[%emt 0:00:00]} Kd6 {[%emt 0:00:00]} 57. g6 {[%emt 0:00:01]} Kd5 {[%emt 0:00:00]} 58. g7 {[%emt 0:00:01]} Kd4 {[%emt 0:00:00]} 59. g8=Q {[%emt 0:00:01]} Kc3 {[%emt 0:00:00]} 60. Qc4+ {[%emt 0:00:01]} Kb2 {[%emt 0:00:00]} 61. Qc2+ {[%emt 0:00:01]} Ka3 {[%emt 0:00:00]} 62. Qxc5+ {[%emt 0:00:01]} Kxa2 {[%emt 0:00:01]} 63. Qxa5+ {[%emt 0:00:01]} Kxb3 {[%emt 0:00:00]} 64. Qc5 {[%emt 0:00:01]} Ka4 {[%emt 0:00:01]} 65. Qb6 {[%emt 0:00:02]} Ka3 {[%emt 0:00:01]} 66. Bc2 {[%emt 0:00:03]} Ka2 {[%emt 0:00:00]} 67. Qb3+ {[%emt 0:00:01]} Ka1 {[%emt 0:00:00]} 68. Qb1# {[%emt 0:00:00] (Lag: Av=0.59s, max=2.8s) (Lag: Av=0.59s, max=2.8s) (Lag: Av=0.59s, max=2.8s) (Lag: Av=0.59s, max=2.8s) (Lag: Av=0.59s, max=2.8s)} 1-0

[Event "Stay Safe Play From Home 360"]
[Site "Emanuel Lasker Arena"]
[Date "2020.08.05"]
[Round "1"]
[White "Batabat1955"]
[Black "Dukic"]
[Result "1-0"]
[WhiteElo "1620"]
[BlackElo "1868"]
[Annotator "NA RC"]
[PlyCount "85"]
[EventDate "2020.08.05"]
[EventType "swiss (blitz)"]

1. e4 {[%emt 0:00:04]} c6 {[%emt 0:00:03]} 2. Nf3 {[%emt 0:00:01]} d6 {[%emt 0:00:02]} 3. d4 {[%emt 0:00:01]} Bg4 {[%emt 0:00:02]} 4. Be2 {[%emt 0:00:01]} Nd7 {[%emt 0:00:01]} 5. h3 {[%emt 0:00:01]} Bh5 {[%emt 0:00:02]} 6. c4 {[%emt 0:00:01]} e5 {[%emt 0:00:01]} 7. Nc3 {[%emt 0:00:03]} Ngf6 {[%emt 0:00:01]} 8. Bg5 {[%emt 0:00:02]} Qa5 {[%emt 0:00:03]} 9. O-O {[%emt 0:00:04]} Be7 {[%emt 0:00:04]} 10. Bd2 {[%emt 0:00:06]} Qb6 {[%emt 0:00:04]} 11. dxe5 {[%emt 0:00:03]} dxe5 {[%emt 0:00:02]} 12. b3 {[%emt 0:00:07]} Rd8 {[%emt 0:00:02]} 13. Qc2 {[%emt 0:00:02]} O-O {[%emt 0:00:07]} 14. Be3 {[%emt 0:00:00]} Qa5 {[%emt 0:00:05]} 15. Rad1 {[%emt 0:00:04]} Bb4 {[%emt 0:00:03]} 16. Nb1 {[%emt 0:00:07]} Bg6 {[%emt 0:00:05]} 17. Bd3 {[%emt 0:00:01]} Rfe8 {[%emt 0:00:10]} 18. a3 {[%emt 0:00:01]} Bf8 {[%emt 0:00:23]} 19. b4 {[%emt 0:00:02]} Qc7 {[%emt 0:00:02]} 20. Nh4 {[%emt 0:00:08]} Bh5 {[%emt 0:00:06]} 21. g4 {[%emt 0:00:09]} Bg6 {[%emt 0:00:02]} 22. Nf5 {[%emt 0:00:04]} a5 {[%emt 0:00:02]} 23. c5 {[%emt 0:00:05]} axb4 {[%emt 0:00:02]} 24. axb4 {[%emt 0:00:03]} h5 {[%emt 0:00:08]} 25. f3 {[%emt 0:00:09]} Ra8 {[%emt 0:00:23]} 26. Nd2 {[%emt 0:00:14]} b6 {[%emt 0:00:07]} 27. g5 {[%emt 0:00:17]} Nh7 {[%emt 0:00:04]} 28. Nh4 {[%emt 0:00:14]} bxc5 {[%emt 0:00:03]} 29. bxc5 {[%emt 0:00:05]} Be7 {[%emt 0:00:10]} 30. Nxg6 {[%emt 0:00:09]} fxg6 {[%emt 0:00:02]} 31. h4 {[%emt 0:00:02]} Nhf8 {[%emt 0:00:03]} 32. Bc4+ {[%emt 0:00:06]} Kh7 {[%emt 0:00:03]} 33. Nb3 {[%emt 0:00:05]} Reb8 {[%emt 0:00:11]} 34. f4 {[%emt 0:00:03]} Ra3 {[%emt 0:00:39]} 35. f5 {[%emt 0:00:05]} Qa7 {[%emt 0:00:23]} 36. Ra1 {[%emt 0:00:44]} Nxc5 {[%emt 0:00:36]} 37. Rxa3 {[%emt 0:00:08]} Qxa3 {[%emt 0:00:02]} 38. Bxc5 {[%emt 0:00:06]} Bxc5+ {[%emt 0:00:02]} 39. Nxc5 {[%emt 0:00:01]} Qxc5+ {[%emt 0:00:01]} 40. Kg2 {[%emt 0:00:04]} Qd4 {[%emt 0:00:05]} 41. Rf2 {[%emt 0:00:12]} gxf5 {[%emt 0:00:19]} 42. exf5 {[%emt 0:00:08]} e4 {[%emt 0:00:02]} 43. g6+ {[%emt 0:00:06] Zeit Zeit Zeit Zeit Zeit (Lag: Av=0.42s, max=0.7s) (Lag: Av=0.42s, max=0.7s) (Lag: Av=0.42s, max=0.7s) (Lag: Av=0.42s, max=0.7s) (Lag: Av=0.42s, max=0.7s)} 1-0

[Event "Stay Safe Play From Home 360"]
[Site "Emanuel Lasker Arena"]
[Date "2020.08.05"]
[Round "2"]
[White "SelamiSahin"]
[Black "Haris kollari 13"]
[Result "1-0"]
[WhiteElo "2091"]
[BlackElo "1837"]
[Annotator "NA RC"]
[PlyCount "67"]
[EventDate "2020.08.05"]
[EventType "swiss (blitz)"]

{Yarar, Atakan} 1. e4 {[%emt 0:00:07]} e6 {[%emt 0:00:07]} 2. d4 {[%emt 0:00:02]} d5 {[%emt 0:00:01]} 3. Nc3 {[%emt 0:00:11]} Nf6 {[%emt 0:00:01]} 4. Bg5 {[%emt 0:00:10]} Be7 {[%emt 0:00:01]} 5. e5 {[%emt 0:00:03]} Nfd7 {[%emt 0:00:01]} 6. h4 {[%emt 0:00:02]} a6 {[%emt 0:00:01]} 7. Qg4 {[%emt 0:00:06]} Kf8 {[%emt 0:00:01]} 8. Nf3 {[%emt 0:00:04]} c5 {[%emt 0:00:01]} 9. O-O-O {[%emt 0:00:16]} Nc6 {[%emt 0:00:02]} 10. Ne2 {[%emt 0:00:04]} c4 {[%emt 0:00:10]} 11. Ng3 {[%emt 0:00:09]} b5 {[%emt 0:00:05]} 12. Nh5 {[%emt 0:00:04]} g6 {[%emt 0:00:12]} 13. Bh6+ {[%emt 0:00:05]} Kg8 {[%emt 0:00:09]} 14. Rh3 {[%emt 0:00:22]} f5 {[%emt 0:00:01]} 15. Qg3 {[%emt 0:00:04]} Kf7 {[%emt 0:00:26]} 16. Nf4 {[%emt 0:00:20]} Rg8 {[%emt 0:00:13]} 17. Ng5+ {[%emt 0:00:09]} Bxg5 {[%emt 0:00:03]} 18. Bxg5 {[%emt 0:00:01]} Qa5 {[%emt 0:00:01]} 19. Kb1 {[%emt 0:00:09]} b4 {[%emt 0:00:01]} 20. h5 {[%emt 0:00:03]} Nf8 {[%emt 0:00:04]} 21. hxg6+ {[%emt 0:00:13]} hxg6 {[%emt 0:00:01]} 22. Qf3 {[%emt 0:00:27]} Rb8 {[%emt 0:00:12]} 23. Bxc4 {[%emt 0:00:20]} dxc4 {[%emt 0:00:11]} 24. Qxc6 {[%emt 0:00:00]} Bd7 {[%emt 0:00:02]} 25. Qd6 {[%emt 0:00:06]} Qd8 {[%emt 0:00:02]} 26. Bxd8 {[%emt 0:00:02]} Rxd8 {[%emt 0:00:03]} 27. d5 {[%emt 0:00:00]} c3 {[%emt 0:00:11]} 28. dxe6+ {[%emt 0:00:13]} Nxe6 {[%emt 0:00:02]} 29. Rh7+ {[%emt 0:00:02]} Rg7 {[%emt 0:00:11]} 30. Rxg7+ {[%emt 0:00:07]} Kxg7 {[%emt 0:00:02]} 31. Nxe6+ {[%emt 0:00:01]} Bxe6 {[%emt 0:00:01]} 32. Qxd8 {[%emt 0:00:00]} cxb2 {[%emt 0:00:03]} 33. Qf6+ {[%emt 0:00:02]} Kh6 {[%emt 0:00:02]} 34. Rh1# {[%emt 0:00:01] (Lag: Av=0.54s, max=0.8s) (Lag: Av=0.54s, max=0.8s) (Lag: Av=0.54s, max=0.8s) (Lag: Av=0.54s, max=0.8s) (Lag: Av=0.54s, max=0.8s)} 1-0

[Event "Stay Safe Play From Home 360"]
[Site "Emanuel Lasker Arena"]
[Date "2020.08.05"]
[Round "2"]
[White "No name"]
[Black "Klasman"]
[Result "1-0"]
[WhiteElo "2066"]
[BlackElo "1567"]
[Annotator "TA"]
[PlyCount "27"]
[EventDate "2020.08.05"]
[EventType "swiss (blitz)"]

{[%evp 9,27,54,81,19,4,-15,22,16,27,17,16,3,46,38,41,47,44,50,1319,1268]} 1. d4 f5 2. Bg5 h6 3. Bh4 g5 4. e3 Nf6 5. Bg3 d5 6. Be5 {[#] A80: Dutch Defence: Unusual White second moves.} (6. c4 $16) 6... Bg7 $146 ({Predecessor:} 6... Nbd7 7. h3 Bg7 8. Bxf6 Nxf6 9. Nf3 Ne4 10. Nbd2 e6 11. Nxe4 dxe4 12. Ne5 Bxe5 13. Qh5+ {0-1 (31) Nguyen,N (1974)-Nguyen,T (1912) Ho Chi Minh City 2014}) 7. Nf3 Nc6 8. c4 {The position is equal.} g4 9. Bxf6 Bxf6 10. Nfd2 Be6 11. Nc3 dxc4 12. Bxc4 Bxc4 13. Nxc4 Qd5 $2 {[%mdl 8192] [#]} (13... Qd7 $14) 14. Nxd5 {Accuracy: White = 80%, Black = 41%.} 1-0

[Event "Stay Safe Play From Home 360"]
[Site "Emanuel Lasker Arena"]
[Date "2020.08.05"]
[Round "2"]
[White "Dukic"]
[Black "Joroger"]
[Result "1-0"]
[WhiteElo "1841"]
[BlackElo "1884"]
[Annotator "NA RC"]
[PlyCount "49"]
[EventDate "2020.08.05"]
[EventType "swiss (blitz)"]

1. c4 {[%emt 0:00:04]} Nf6 {[%emt 0:00:02]} 2. Nc3 {[%emt 0:00:01]} e6 {[%emt 0:00:01]} 3. g3 {[%emt 0:00:01]} d5 {[%emt 0:00:02]} 4. d4 {[%emt 0:00:01]} c5 {[%emt 0:00:02]} 5. Bg2 {[%emt 0:00:01]} cxd4 {[%emt 0:00:01]} 6. Qxd4 {[%emt 0:00:02]} Nc6 {[%emt 0:00:03]} 7. Qh4 {[%emt 0:00:03]} Be7 {[%emt 0:00:03]} 8. Nf3 {[%emt 0:00:09]} Ne4 {[%emt 0:00:07]} 9. Qf4 {[%emt 0:00:05]} Nxc3 {[%emt 0:00:02]} 10. bxc3 {[%emt 0:00:01]} Bf6 {[%emt 0:00:05]} 11. Bd2 {[%emt 0:00:04]} O-O {[%emt 0:00:20]} 12. cxd5 {[%emt 0:00:05]} exd5 {[%emt 0:00:07]} 13. O-O {[%emt 0:00:03]} Re8 {[%emt 0:00:11]} 14. Rfe1 {[%emt 0:00:01]} Na5 {[%emt 0:00:13]} 15. Nd4 {[%emt 0:00:15]} Nc4 {[%emt 0:00:04]} 16. Bc1 {[%emt 0:00:05]} a6 {[%emt 0:00:23]} 17. e4 {[%emt 0:00:02]} dxe4 {[%emt 0:00:09]} 18. Rxe4 {[%emt 0:00:12]} Rxe4 {[%emt 0:00:06]} 19. Bxe4 {[%emt 0:00:04]} Nd6 {[%emt 0:00:06]} 20. Bg2 {[%emt 0:00:12]} Qe7 {[%emt 0:00:02]} 21. Ba3 {[%emt 0:00:03]} Be5 {[%emt 0:00:04]} 22. Qf3 {[%emt 0:00:15]} Rb8 {[%emt 0:00:33]} 23. Re1 {[%emt 0:00:02]} f6 {[%emt 0:00:42]} 24. Qd5+ {[%emt 0:00:04]} Kf8 {[%emt 0:00:10]} 25. Rxe5 {[%emt 0:00:08] Joroger gibt auf Joroger gibt auf Joroger gibt auf Joroger gibt auf Joroger gibt auf (Lag: Av=0.34s, max=0.5s) (Lag: Av=0.34s, max=0.5s) (Lag: Av=0.34s, max=0.5s) (Lag: Av=0.34s, max=0.5s) (Lag: Av=0.34s, max=0.5s)} 1-0

[Event "Stay Safe Play From Home 360"]
[Site "Emanuel Lasker Arena"]
[Date "2020.08.05"]
[Round "2"]
[White "Padmaesh M K"]
[Black "Batabat1955"]
[Result "0-1"]
[WhiteElo "1737"]
[BlackElo "1620"]
[Annotator "NA RC"]
[PlyCount "112"]
[EventDate "2020.08.05"]
[EventType "swiss (blitz)"]

1. d4 {[%emt 0:00:02]} c6 {[%emt 0:00:01]} 2. c4 {[%emt 0:00:01]} d5 {[%emt 0:00:00]} 3. cxd5 {[%emt 0:00:01]} cxd5 {[%emt 0:00:01]} 4. Nc3 {[%emt 0:00:00]} Nc6 {[%emt 0:00:01]} 5. Nf3 {[%emt 0:00:01]} Nf6 {[%emt 0:00:01]} 6. Bf4 {[%emt 0:00:01]} e6 {[%emt 0:00:02]} 7. e3 {[%emt 0:00:02]} Bd6 {[%emt 0:00:01]} 8. Bg3 {[%emt 0:00:03]} O-O {[%emt 0:00:01]} 9. Bd3 {[%emt 0:00:02]} a6 {[%emt 0:00:02]} 10. Qc2 {[%emt 0:00:01]} Nb4 {[%emt 0:00:03]} 11. Qb1 {[%emt 0:00:02]} Nxd3+ {[%emt 0:00:01]} 12. Qxd3 {[%emt 0:00:00]} Bb4 {[%emt 0:00:07]} 13. Bh4 {[%emt 0:00:04]} Be7 {[%emt 0:00:07]} 14. Rg1 {[%emt 0:00:03]} b5 {[%emt 0:00:09]} 15. h3 {[%emt 0:00:11]} Bb7 {[%emt 0:00:02]} 16. g4 {[%emt 0:00:02]} Ne4 {[%emt 0:00:01]} 17. Bxe7 {[%emt 0:00:06]} Qxe7 {[%emt 0:00:00]} 18. g5 {[%emt 0:00:01]} Rac8 {[%emt 0:00:13]} 19. h4 {[%emt 0:00:04]} f6 {[%emt 0:00:04]} 20. Ke2 {[%emt 0:00:09]} fxg5 {[%emt 0:00:03]} 21. hxg5 {[%emt 0:00:05]} Qf7 {[%emt 0:00:02]} 22. Rgf1 {[%emt 0:00:29]} Qxf3+ {[%emt 0:00:03]} 23. Ke1 {[%emt 0:00:01]} Nxg5 {[%emt 0:00:26]} 24. Rd1 {[%emt 0:00:08]} Qf5 {[%emt 0:00:13]} 25. f4 {[%emt 0:00:49]} Qxd3 {[%emt 0:00:04]} 26. Rxd3 {[%emt 0:00:03]} Ne4 {[%emt 0:00:05]} 27. Nxe4 {[%emt 0:00:05]} dxe4 {[%emt 0:00:01]} 28. Rd1 {[%emt 0:00:04]} Rc2 {[%emt 0:00:04]} 29. Rd2 {[%emt 0:00:04]} Rfc8 {[%emt 0:00:02]} 30. Rff2 {[%emt 0:00:08]} Rxd2 {[%emt 0:00:02]} 31. Kxd2 {[%emt 0:00:04]} Bd5 {[%emt 0:00:01]} 32. b3 {[%emt 0:00:06]} Kf7 {[%emt 0:00:03]} 33. f5 {[%emt 0:00:05]} Kf6 {[%emt 0:00:17]} 34. fxe6+ {[%emt 0:00:12]} Kxe6 {[%emt 0:00:00]} 35. Rg2 {[%emt 0:00:04]} g6 {[%emt 0:00:01]} 36. Rg5 {[%emt 0:00:04]} Rf8 {[%emt 0:00:14]} 37. Ke2 {[%emt 0:00:04]} a5 {[%emt 0:00:06] Padmaesh M K offers a draw Padmaesh M K offers a draw Padmaesh M K offers a draw Padmaesh M K offers a draw Padmaesh M K offers a draw} 38. Re5+ {[%emt 0:00:18]} Kd6 {[%emt 0:00:03]} 39. a3 {[%emt 0:00:08]} Bxb3 {[%emt 0:00:04]} 40. Rxe4 {[%emt 0:00:04]} Bd5 {[%emt 0:00:09]} 41. Rh4 {[%emt 0:00:04]} h5 {[%emt 0:00:04]} 42. e4 {[%emt 0:00:05]} Bc4+ {[%emt 0:00:01]} 43. Ke3 {[%emt 0:00:02]} b4 {[%emt 0:00:11]} 44. axb4 {[%emt 0:00:03]} axb4 {[%emt 0:00:01]} 45. Rh1 {[%emt 0:00:04]} b3 {[%emt 0:00:06]} 46. Rb1 {[%emt 0:00:04]} Rf1 {[%emt 0:00:10]} 47. Rb2 {[%emt 0:00:09]} g5 {[%emt 0:00:07] Padmaesh M K offers a draw Padmaesh M K offers a draw Padmaesh M K offers a draw Padmaesh M K offers a draw Padmaesh M K offers a draw} 48. e5+ {[%emt 0:00:09]} Kd5 {[%emt 0:00:04]} 49. e6 {[%emt 0:00:01]} Kxe6 {[%emt 0:00:02]} 50. Ke4 {[%emt 0:00:02]} Bd5+ {[%emt 0:00:01]} 51. Ke3 {[%emt 0:00:01]} Rf3+ {[%emt 0:00:02]} 52. Ke2 {[%emt 0:00:01]} Kf5 {[%emt 0:00:01]} 53. Rd2 {[%emt 0:00:02]} g4 {[%emt 0:00:03]} 54. Kd1 {[%emt 0:00:02]} g3 {[%emt 0:00:02]} 55. Rg2 {[%emt 0:00:01]} h4 {[%emt 0:00:01]} 56. Rd2 {[%emt 0:00:01]} h3 {[%emt 0:00:01] Padmaesh M K resigns Padmaesh M K resigns Padmaesh M K resigns Padmaesh M K resigns Padmaesh M K resigns (Lag: Av=0.52s, max=0.7s) (Lag: Av=0.52s, max=0.7s) (Lag: Av=0.52s, max=0.7s) (Lag: Av=0.52s, max=0.7s) (Lag: Av=0.52s, max=0.7s)} 0-1